00374nam a2200133Ia 4500008004100000020001500041041001200056082001600068100001700084245008000101260003500181300000800216650001600224221030s9999 xx 000 0 und d a8175441836 aEnglish a105.23bKha aV. K. Khanna 0aDigital Signal Processing, Telecommunications & Multimediacby V. K. Khanna bWheeler Pub..aNew Delhic1999 a640 aBE Computer